Opravné položky v účtovníctve

Otázky opravných položiek v účtovníctve. V praxi treba rozlišovať medzi opravnými položkami a oprávkami. Účtovné úvislosti. Zníženie ocenenia - opravná položka. Daňové súvislosti účtovania o opravných položkách k objednávkam.

Enregistré dans:
Détails bibliographiques
Auteur principal: Pastierik, Vladimír
Format: Chapitre de livre
Langue:slovaque
Sujets:
Tags: Ajouter un tag
Pas de tags, Soyez le premier à ajouter un tag!

MARC

LEADER 00000naa a2200000 4500
001 r040821
005 20230919091608.1
041 0 |a slo 
044 |a SK 
245 1 0 |a Opravné položky v účtovníctve  |c Vladimír Pastierik 
520 |a Otázky opravných položiek v účtovníctve. V praxi treba rozlišovať medzi opravnými položkami a oprávkami. Účtovné úvislosti. Zníženie ocenenia - opravná položka. Daňové súvislosti účtovania o opravných položkách k objednávkam. 
610 2 0 |a položky opravné 
610 2 0 |a účtovníctvo 
610 2 0 |a pohľadávky 
610 2 0 |a oceňovanie 
610 2 0 |a majetok 
100 1 |a Pastierik, Vladimír